01325nam a2200277 a 4500001001200000003000800012006001900020007001500039008004100054040002100095035002100116050002300137245012700160260005200287300004300339504005100382505019500433533015200628650003300780655002900813700001800842700002500860710001700885856012600902999001901028ebr10534341CaPaEBRm u cr cn|||||||||120315s2012 xxuacd sb 001 0 eng d aCaPaEBRcCaPaEBR a(OCoLC)78578310214aRC269b.M85 2012eb00aMultiple myelomah[electronic resource] :ba new era of treatment strategies /ceditors, Klaus Podar, Kenneth C. Anderson. a[U.S.A.] :bBentham Science Publishers,c[2012] avi, 204 p. :bill. (some col.), ports. aIncludes bibliographical references and index.0 asection 1. Multiple myeloma -- section 2. Treatment guidelines -- section 3. The bone marrow microenvironment and the pathogenesis of multiple myeloma -- section 4. New treatment strategies. aElectronic reproduction.bPalo Alto, Calif. :cebrary,d2011.nAvailable via World Wide Web.nAccess may be limited to ebrary affiliated libraries. 0aMultiple myelomaxTreatment. 7aElectronic books.2local1 aPodar, Klaus.1 aAnderson, Kenneth C.2 aebrary, Inc.40uhttp://site.ebrary.com/lib/rucke/Doc?id=10534341zAn electronic book accessible through the World Wide Web; click to view c148897d148897